| 000 | 00707cam a2200277 4500 | ||
|---|---|---|---|
| 001 | ABS68321 | ||
| 008 | 041018n2004 000 0 eng u | ||
| 035 | _a(Sirsi) u127735 | ||
| 245 | _aFocus 1: Southern Europe | ||
| 260 | _c2004 | ||
| 490 |
_aEstates Gazette _v(0441) 9 October 2004, 79-85(8) |
||
| 590 | _aABS | ||
| 590 | _aABS | ||
| 650 | _aSOUTHERN EUROPE | ||
| 650 | _aSPAIN | ||
| 650 | _aMILAN | ||
| 650 | _aITALY | ||
| 650 | _aMADRID | ||
| 650 | _aATHENS | ||
| 650 | _aOLYMPIC GAMES 2004 | ||
| 650 | _aGREECE | ||
| 650 | _aPROPERTY-COMMERCIAL PROPERTY-RETAIL PROPERTY-RETAIL PROPERTY MARKET | ||
| 650 | _aOFFICE MARKET | ||
| 690 | _aCOMMERCIAL PROPERTY-MARKET | ||
| 942 | _n0 | ||
| 999 |
_c118181 _d118181 |
||